000 00864nam a22002297a 4500
999 _c12878
_d12878
003 AR-CdUCM
008 190410b ||||| |||| 00| 0 spa d
040 _aMUNICIPALIDAD PROVINCIAL DEL CUSCO
_cBIBLIOTECA MUNICIPAL DEL CUSCO
082 _aC / 985.01 /
_bP45
100 _aPerez Palma, Recaredo
_930980
245 _aEvolución mítica en el Imperio incaico del Tahuantinsuyo /
260 _aTrujillo :
_c1938.
300 _a161 páginas ;
_c21 cm.
505 _aConceptos fundamentales del mito -- Evolución del concepto de las almas --Orígenes de los espíritus demonios y dioses -- Evolución del Tahuantinsuyo...
650 _aTahuantinsuyo.
_99815
650 _aIncas.
_9303
650 _aOrganización inca.
_930981
650 _aIncanato.
_930982
700 _aUrteaga, Horacio (prologo)
_930983
942 _2ddc
_cLIBROS
945 _awfj
_d2019-04-10